| Registos Bibliográficos associados ao registo de autoridade |
|
Etiqueta de registo: 00254nam 2200025 450 001 2285210 003 http://id.bnportugal.gov.pt/bib/catbnp/2285210 021 ## $aPT$b546186/25 100 ## $a20260424d2025 m y0pory01030103ba 101 0# $apor 102 ## $aPT 105 ## $aa z 000yy 106 ## $ar 200 1# $aPor caminhos da memória$fLuís de Matos$gpref. Rui Arimateia$gdes. Costa Araújo, João de Matos, Sandra de Matos$gfot. Feliz Grilo... [et al.] 205 ## $a1ª ed 210 #9 $a[S.l.]$cLuís de Matos,$d2025 215 ## $a334, [1] p.$cil.$d24 cm 700 #1 $aMatos,$bLuís de,$f1944-$31461386 702 #1 $aArimateia,$bRui,$f1958-$4080$3287334 702 #1 $aAraújo,$bCosta$4440$353722 702 #1 $95$aMatos,$bJoão de$4440$31996861 702 #1 $aMatos,$bSandra de$4440$31507801 702 #1 $aGrilo,$bFeliz$4600$31996862 801 #0 $aPT$bBN$gRPC 966 ## $lBN$mFGMON$x1 966 ## $lBN$mFGMON$x1 971 ## $cssilva$d20260424
|
|
|